000 01015nas a2200337 4500
001 BR0805253
003 BR-BrBNA
005 20231205112415.0
007 ta
008 230509b bl.|||p| |||| 00| 00por d
040 _aBR-BrBNA
_bpor
_cBiblioteca Nacional de Agricultura
041 _a(Pt)
072 _aQ04
100 1 _aBeltrão Filho, E.M.
100 1 _aCosta, R.G.
100 1 _aSousa, S. de
100 1 _aWanderley, P.A.
100 1 _aMonte, H.L.B. dal
100 1 _aQueiroga, R. de C.R. do E.
100 1 _aSantos, N.M. dos
245 1 _aEfeito do óleo essencial de erva-doce (Foeniculum vulgare)sobre a microbiota do leite de cabra
650 _aLEITE DE CABRA
650 _aÓLEO
650 _aERVA-DOCE
650 _aPROPRIEDADE FÍSICO-QUÍMICA
650 _aVALOR NUTRITIVO
650 _aPARAÍBA
773 0 _tHigiene Alimentar (Brazil)
_xISSN 0101-9171
_g(Jan-Feb 2008), v. 22(158) p. 104-106
_wBR0805253
909 _a202311
_bLúcia
_c55
_dLúcia Elande
942 _2AGRIS
_n0
_cANA
999 _c197898
_d197898